000
002960000a22000970004500
100
1
_a
De Chirico, Leonardo (1967- )
245
1
0
_a
Evangelicals and the Roman Catholic church sice Vatican II
300
_a
Vol. 10, Núm 1 (2001), Páginas 25-36
773
0
_t
European Journal of Theology
942
_c
ANA
999
_c
53970
_d
53970